| 000 | 02498nas a2200361 4500 | ||
|---|---|---|---|
| 001 | 48990 | ||
| 003 | DR-UNIBE | ||
| 005 | 20250521154141.0 | ||
| 007 | ta | ||
| 008 | 210525e2018 dr qn|p|r||||||0| | spa d | ||
| 022 | _aRelacionado al título AAA 1028-3072 | ||
| 040 |
_aBIBLIOTECA UNIBE _cBIBBLIOTECA UNIBE _bspa _dDO-SdBNP _erda |
||
| 041 | _aspa | ||
| 245 | 0 | 0 | _aAAA Pro_File 08. |
| 264 |
_aSanto Domingo, República Dominicana : _bArchivos de Arquitectura Antillana, _c2018. |
||
| 300 |
_avolúmenes : _bilustraciones, fotografías, planos ; _c29 cm. |
||
| 310 | _aTrimestral. | ||
| 336 |
_atexto _btxt _2rdacontent |
||
| 337 |
_asin mediación _bn _2rdamedia |
||
| 338 |
_avolumen _bnc _2rdacarrier |
||
| 362 | _aNúmero 8 (mayo 2018). | ||
| 490 | _aSerie monográfica. | ||
| 500 | _aAAA Pro_File es una edición especial de AAA. La biblioteca dispone también del título: Archivos de arquitectura antillana (AAA), editado desde el año 1996. [Número de registro14602]. | ||
| 500 | _aAAA Pro_File 08: Pedro J. Borrell Bentz, arquitectos (año de publicación: 2018). | ||
| 500 | _aAAA: agradece de manera especial la enorme colaboración de todo el equipo de Arquitectura del Sol en el desarrollo y documentación de este Pro_File 08. | ||
| 500 | _aEdición especial. | ||
| 520 | _aDurante el transcurso de esta edición de Pro_File hemos profundizado detalladamente en la obra de Pedro José Borrell y en la historia detrás de cada obra. Esta historia, resumida apretadamente en apenas 300 y tantas páginas, es una mirada en la búsqueda de un hombre nacido en Puerto Plata, pero criado en Santiago, educado en contacto estrecho con el arte y practicante de varias disciplinas creativas: el dibujo, la pintura, la fotografía y —como actividad totalizadora de todo ese aprendizaje— finalmente, la arquitectura. Es en la arquitectura que Borrell ha alcanzado una dimensión trascendente caracterizada por una serie de importantes obras que por derecho propio tienen su lugar en el corpus construido de la República Dominicana en los siglos XX y XXI. En ese universo se ha centrado el discurso de este volumen. | ||
| 650 | 7 |
_aArquitectura _92734 _vPublicaciones periódicas _zRepública Dominicana |
|
| 650 | 7 |
_aArquitectura _xDiseños y planos _943122 _2lemb _vPublicaciones periódicas _zRepública Dominicana |
|
| 650 | 7 |
_aUrbanismo _926474 _2lemb _vPublicaciones periódicas _zRepública Dominicana |
|
| 655 | 0 |
_aPublicaciones periódicas _987420 |
|
| 942 |
_2ddc _cISSUE |
||
| 999 |
_c59078 _d59078 |
||